000 00394pab a2200157 454500
008 180718b2005 xxu||||| |||| 00| 0 eng d
100 _aKanwal, Gurmeet
245 _aThe threat of biological terrorism and India's response
260 _c2005
300 _ap.1-14.
362 _aApr-Jun
650 _aTerrorism - India
650 _aTerrorism
773 _aIndia Quarterly
909 _a66957
999 _c66957
_d66957